000 00727nam a2200253Ia 4500
003 OSt
005 20220918165205.0
006 a|||||r|||| 00| 0
007 ta
008 220917b |||||||| |||| 00| 0 eng d
020 _a1567203361 (hbk)
024 _a190,176
037 _cTextual
040 _aARTS
_cARTS
_beng
041 _2eng
_aeng
082 _aX8(A):975, P1
100 _aWeinstein Rebecca Jane
_923124
245 0 _aMediation in the workplace
_b a guide for training, practice and administration
260 _aWestport
_bQuorum books
_c2001
300 _aix;215p.
_ccm.
650 _aECONOMICS
942 _hX8(A):975, P1
_cTEXL
_2CC
999 _c128715
_d128715